Giornale del viaggio d'Italia dell invittissimo e gloriosissimo monarca Filippo V ... / (Record no. 152841)
[ view plain ]
| 000 -LEADER | |
|---|---|
| campo de control de longitud fija | 00848nam a2200217 i 4500 |
| 001 - NÚMERO DE CONTROL | |
| campo de control | 152841 |
| 003 - IDENTIFICADOR DE NÚMERO DE CONTROL | |
| campo de control | ES-MaACL |
| 005 - FECHA Y HORA DE LA ÚLTIMA TRANSACCIÓN | |
| campo de control | 20250822004010.0 |
| 008 - DATOS DE LONGITUD FIJA--INFORMACIÓN GENERAL | |
| campo de control de longitud fija | 931025s1703 it ax |||| | ita d |
| 040 ## - FUENTE DE CATALOGACIÓN | |
| Centro catalogador/agencia de origen | CAM |
| Lengua de catalogación | spa |
| Centro/agencia transcriptor | PAB |
| 100 1# - ENTRADA PRINCIPAL--NOMBRE DE PERSONA | |
| Nombre de persona | Bulifon, Antonio. |
| 9 (RLIN) | 32500 |
| 245 10 - MENCIÓN DEL TÍTULO | |
| Título | Giornale del viaggio d'Italia dell invittissimo e gloriosissimo monarca Filippo V ... / |
| Mención de responsabilidad, etc. | scritto da Antonio Bulifon. |
| 260 ## - PUBLICACIÓN, DISTRIBUCIÓN, ETC. | |
| Lugar de publicación, distribución, etc. | In Napoli : |
| Nombre del editor, distribuidor, etc. | appresso Niccoló Bulifoni, |
| Fecha de publicación, distribución, etc. | 1703. |
| 300 ## - DESCRIPCIÓN FÍSICA | |
| Extensión | [20], 412 p., [3] h. de grab., [5] h. pleg. de grab. ; |
| Dimensiones | 12º. |
| 597 ## - NOTA DE DESCRIPCIÓN FÍSICA | |
| NOTA DE DESCRIPCIÓN FÍSICA | Sign.: a2-a11 A-R12, S2. |
| 599 ## - NOTA A LAS ILUSTRACIONES | |
| NOTA A LAS ILUSTRACIONES | Las h. de grab. calc., retrato del autor y planos de batallas. |
| 600 04 - PUNTO DE ACCESO ADICIONAL DE MATERIA--NOMBRE DE PERSONA | |
| Nombre de persona | Felipe |
| Numeración | V, |
| Títulos y otros términos asociados al nombre | Rey de España |
| 9 (RLIN) | 49182 |
| 650 04 - PUNTO DE ACCESO ADICIONAL DE MATERIA--TÉRMINO DE MATERIA | |
| Término de materia o nombre geográfico como elemento de entrada | Italia- |
| Subdivisión general | Historia. |
| 9 (RLIN) | 186625 |
| 852 ## - LOCALIZACIÓN | |
| Ubicación | ES-MaACL |
| Número de control de estantería | R-605 |
| Nota libre | -- Enc. perg. |
| Encuadernación | -- Olim: F-10153 |
| Estatus retirado | Estado de pérdida | Estado de daño | No para préstamo | Colección | Biblioteca de origen | Biblioteca actual | Ubicación en estantería | Fecha de adquisición | Fuente de adquisición | Total de préstamos | Signatura topográfica completa | Código de barras | Visto por última vez | Precio de reemplazo | Tipo de ítem Koha |
|---|---|---|---|---|---|---|---|---|---|---|---|---|---|---|---|
| Libros del s. XVIII | Biblioteca del Ateneo de Madrid | Biblioteca del Ateneo de Madrid | Depósito | 17/01/2008 | R-605 | 1159631 | 23/02/2023 | 23/02/2023 | Libro impreso antiguo |
